| 000 | 01089nam a2200289 i 4500 | ||
|---|---|---|---|
| 001 | bg | ||
| 100 | 1 | _aPieńkowski, Cezary Andrzej. | |
| 245 | 1 | 0 |
_aIndywidualne rozliczanie kosztów ogrzewania mieszkań w budynkach wielorodzinnych / _cCezary Andrzej Pieńkowski. |
| 260 |
_aBiałystok : _bWydawnictwo Politechniki Białostockiej ; _c2006. |
||
| 300 |
_a118 s. : _bil. (w tym kolor.) ; _c23 cm. |
||
| 490 |
_aRozprawy Naukowe / Politechnika Białostocka, _x0867-0966X ; _vnr 132 |
||
| 504 | _aBibliogr. s. 107-116, wykaz aktów prawnych s. 116-117. | ||
| 546 | _aStreszcz. ang. | ||
| 650 | 9 |
_aBudownictwo mieszkaniowe _xenergetyka _xekonomika |
|
| 650 | 9 |
_aOgrzewanie centralne _xopłaty |
|
| 650 | 9 |
_aOgrzewanie centralne _xkoszty |
|
| 650 | 9 |
_aOgrzewanie centralne _xpomiary |
|
| 830 |
_aRozprawy Naukowe - Politechnika Białostocka _vnr 132 |
||
| 022 | _a0867096X | ||
| 040 | _cBPK | ||
| 041 | 0 |
_apol _beng |
|
| 044 | _aPOL | ||
| 080 | _a697:69::728.2:338.45::620.91:536.6](438) | ||
| 942 | _cKS | ||
| 008 | s pl f |000 0 pol | ||
| 999 |
_c54223 _d54223 |
||
| 856 |
_uhttp://koha.tu.koszalin.pl/cgi-bin/koha/opac-detail.pl?biblionumber=54223 _yKatalog online BPK |
||